[Event "Junior Online 4NCL Division 3"]
[Site "online"]
[Date "2022.02.17"]
[EventDate "2022.02.17"]
[Round "3.147"]
[White "Kishore Kumar, Anushka"]
[WhiteElo "1087"]
[WhiteTeam "Brentwood School B"]
[Black "Aggarwal, Kian"]
[BlackElo "1288"]
[BlackTeam "Chess Challengers C"]
[Result "0-1"]
[PlyCount "30"]

1. e4 e5 2. Nf3 Nc6 3. Bc4 Bc5 4. O-O Nf6 5. Ng5 d5 6. Nxf7 Kxf7 7. Bxd5+ Nxd5 8. Qf3+ Nf6 9. Nc3 Nd4 10. Qd1 Bg4 11. f3 Nxf3+ 12. Kh1 Nxh2 13. Kxh2 Bxd1 14. Rxd1 Ng4+ 15. Kh1 Qh4# 0-1

[Event "Junior Online 4NCL Division 3"]
[Site "online"]
[Date "2022.02.17"]
[EventDate "2022.02.17"]
[Round "3.148"]
[White "Sharavana, Harshith"]
[WhiteElo "1236"]
[WhiteTeam "Chess Challengers C"]
[Black "Measday, Austin"]
[BlackElo "837"]
[BlackTeam "Brentwood School B"]
[Result "1-0"]
[PlyCount "25"]

1. e4 e5 2. Bc4 Bc5 3. Qh5 Qf6 4. Nf3 g6 5. Qg5 Nh6 6. Qxf6 Ng8 7. Qxf7+ Kd8 8. Nxe5 d6 9. Nd3 d5 10. Nxc5 Bd7 11. Qf8+ Be8 12. Ne6+ Kc8 13. Qxe8# 1-0

[Event "Junior Online 4NCL Division 3"]
[Site "online"]
[Date "2022.02.17"]
[EventDate "2022.02.17"]
[Round "3.151"]
[White "Qiu, Calvin"]
[WhiteElo "1185"]
[WhiteTeam "Muswell Hill Knights"]
[Black "Satish, Shiva"]
[BlackElo "1219"]
[BlackTeam "Charlton Lions"]
[Result "1-0"]
[PlyCount "92"]

1. e4 e5 2. Nf3 Nc6 3. Nc3 Nf6 4. Bc4 Nxe4 5. Nxe4 d5 6. Bxd5 Qxd5 7. Nc3 Qd8 8. d3 Bc5 9. Be3 Bd6 10. O-O O-O 11. h3 h6 12. Ne4 Be7 13. c3 Bf5 14. Qc2 Re8 15. Rfd1 Bg6 16. b4 a6 17. a4 Bf8 18. Rd2 Re7 19. Rad1 Rd7 20. Qb2 Be7 21. b5 axb5 22. axb5 Na7 23. Nxe5 Rd5 24. Nxg6 fxg6 25. Bxa7 Rxa7 26. c4 Rd7 27. Qc2 b6 28. d4 Bb4 29. Rd3 Be7 30. c5 bxc5 31. dxc5 Rxd3 32. Rxd3 Qf8 33. b6 cxb6 34. cxb6 Rb7 35. Rb3 Bd8 36. Qc6 Rb8 37. Nc5 Be7 38. Nd7 Qc8 39. Qxc8+ Rxc8 40. b7 Rc1+ 41. Kh2 Bd6+ 42. g3 Rc7 43. b8=Q+ Kh7 44. Qd8 Ra7 45. Nf8+ Bxf8 46. Qxf8 g5 1-0

[Event "Junior Online 4NCL Division 3"]
[Site "online"]
[Date "2022.02.17"]
[EventDate "2022.02.17"]
[Round "3.152"]
[White "Sharma, Reyansh"]
[WhiteElo "1000"]
[WhiteTeam "Charlton Lions"]
[Black "Crichton, Finlay"]
[BlackElo "1050"]
[BlackTeam "Muswell Hill Knights"]
[Result "0-1"]
[PlyCount "178"]

1. d4 d5 2. c4 e6 3. Nc3 Nf6 4. Bg5 Be7 5. cxd5 exd5 6. Nf3 h6 7. Bf4 Nc6 8. e3 Bf5 9. Bb5 Qd7 10. Qa4 a6 11. Bxc6 bxc6 12. Ne5 Qe6 13. Qxc6+ Qxc6 14. Nxc6 Rc8 15. Nxe7 Kxe7 16. Be5 c6 17. a4 Ke6 18. b4 Ra8 19. O-O Rhc8 20. Rfc1 g5 21. b5 cxb5 22. axb5 axb5 23. Rxa8 Rxa8 24. Bxf6 Kxf6 25. Nxd5+ Kg6 26. Nc7 Rb8 27. f3 b4 28. e4 Be6 29. d5 Bd7 30. Na6 Rb6 31. Nc5 Bb5 32. Rb1 Be8 33. Nd3 b3 34. Nc1 Ba4 35. Kf2 Kf6 36. Ke3 Ke5 37. Kd3 b2 38. Kc3 bxc1=Q+ 39. Rxc1 Rb8 40. Kc4 Rc8+ 41. Kb4 Rxc1 42. Kxa4 Rb1 43. Ka3 f5 44. Ka2 Rb8 45. Ka3 fxe4 46. fxe4 Kxe4 47. d6 Rd8 48. Kb4 Rxd6 49. Kc5 Ke5 50. Kc4 Rd5 51. Kc3 Ke4 52. Kc4 Rd6 53. Kc5 Rd4 54. Kc6 Rd5 55. Kb6 Kd4 56. Kc6 Kc4 57. Kb7 Rc5 58. Kb6 Kb4 59. Kb7 Kb5 60. g3 Rc6 61. h4 gxh4 62. gxh4 h5 63. Ka7 Rb6 64. Ka8 Kc6 65. Ka7 Kc7 66. Ka8 Rb8+ 67. Ka7 Kc8 68. Ka6 Rb4 69. Ka5 Rxh4 70. Kb5 Rg4 71. Kc5 h4 72. Kd5 h3 73. Ke5 h2 74. Kf5 h1=Q 75. Kxg4 Qd5 76. Kf4 Qe6 77. Kg5 Qf7 78. Kg4 Qf6 79. Kg3 Qf5 80. Kh4 Qg6 81. Kh3 Qg5 82. Kh2 Qg4 83. Kh1 Kd7 84. Kh2 Ke6 85. Kh1 Kf5 86. Kh2 Kf4 87. Kh1 Kf3 88. Kh2 Kf2 89. Kh1 Qg2# 0-1

[Event "Junior Online 4NCL Division 3"]
[Site "online"]
[Date "2022.02.17"]
[EventDate "2022.02.17"]
[Round "3.153"]
[White "Marks, Rory"]
[WhiteElo "1143"]
[WhiteTeam "Muswell Hill Knights"]
[Black "Gusev, Iaroslav"]
[BlackElo "708"]
[BlackTeam "Charlton Lions"]
[Result "0-1"]
[PlyCount "80"]

1. e4 e5 2. Nf3 Nc6 3. d4 d5 4. exd5 Qxd5 5. Nc3 Qd6 6. Nb5 Qb4+ 7. c3 Qa5 8. Bd2 Nf6 9. Qe2 Be7 10. Nxe5 Nxe5 11. Qxe5 O-O 12. c4 Bb4 13. Bxb4 Qxb4+ 14. Nc3 Re8 15. Qxe8+ Nxe8 16. O-O-O Nf6 17. Re1 Bf5 18. g3 Ng4 19. Re2 Bd3 20. Re1 Nxf2 21. Bg2 Bxc4 22. Re3 Nd3+ 23. Kd1 Qxb2 24. Ne2 Nf2+ 25. Ke1 Nxh1 26. Bxh1 Bxe2 27. Bd5 Bg4 28. Re4 Bf3 29. Bxf7+ Kf8 30. Bd5 Bxe4 31. Bxe4 Qxa2 32. h4 Re8 33. g4 Rxe4+ 34. Kf1 Rxg4 35. d5 Qxd5 36. h5 Qf5+ 37. Ke2 Re4+ 38. Kd3 Qd5+ 39. Kc2 Rc4+ 40. Kb3 Qb5+ 0-1

[Event "Junior Online 4NCL Division 3"]
[Site "online"]
[Date "2022.02.17"]
[EventDate "2022.02.17"]
[Round "3.154"]
[White "Patimov Heredea, Alexander"]
[WhiteElo "486"]
[WhiteTeam "Charlton Lions"]
[Black "Gelmini, Leonardo"]
[BlackElo "1032"]
[BlackTeam "Muswell Hill Knights"]
[Result "0-1"]
[PlyCount "64"]

1. d4 Nf6 2. Nc3 e6 3. e4 Bb4 4. Nf3 Nxe4 5. a3 Nxc3 6. bxc3 Bxc3+ 7. Bd2 Bxa1 8. Ne5 Bxd4 9. Nc4 Nc6 10. Qg4 Qf6 11. f4 Bc3 12. Bxc3 Qxc3+ 13. Kd1 Nd4 14. Qxg7 Qa1+ 15. Kd2 Rf8 16. Ke3 Nf5+ 17. Ke4 Nxg7 18. Nd2 d5+ 19. Kd3 Qxa3+ 20. Ke2 Nf5 21. Nb1 Qe3+ 22. Kd1 Bd7 23. Nd2 Ba4 24. Nf3 Nd4 25. Nxd4 Qxd4+ 26. Bd3 Qxf4 27. Bxh7 Rh8 28. Bd3 Rxh2 29. Rf1 Qg4+ 30. Be2 Qxg2 31. Rf6 Qxe2+ 32. Kc1 Qxc2# 0-1

[Event "Junior Online 4NCL Division 3"]
[Site "online"]
[Date "2022.02.17"]
[EventDate "2022.02.17"]
[Round "3.155"]
[White "Satish, Shiva"]
[WhiteElo "1219"]
[WhiteTeam "Charlton Lions"]
[Black "Qiu, Calvin"]
[BlackElo "1185"]
[BlackTeam "Muswell Hill Knights"]
[Result "1-0"]
[PlyCount "59"]

1. e4 e5 2. Nf3 Nc6 3. Bc4 Be7 4. d3 Nf6 5. O-O d6 6. h3 O-O 7. Re1 Be6 8. Bxe6 fxe6 9. Be3 d5 10. exd5 exd5 11. Bd2 Bd6 12. Bc3 d4 13. Bd2 h6 14. c3 dxc3 15. Bxc3 Re8 16. Qb3+ Kh8 17. Qxb7 Rb8 18. Qxc6 Bb4 19. Nxe5 Rf8 20. Ng6+ Kg8 21. Nxf8 Kxf8 22. Re6 Bxc3 23. Qxc3 Qd7 24. Re3 Nd5 25. Rf3+ Kg8 26. Qd2 Nb4 27. Rg3 g5 28. Nc3 Nc6 29. Ne4 Ne5 30. Nf6+ 1-0

[Event "Junior Online 4NCL Division 3"]
[Site "online"]
[Date "2022.02.17"]
[EventDate "2022.02.17"]
[Round "3.156"]
[White "Crichton, Finlay"]
[WhiteElo "1050"]
[WhiteTeam "Muswell Hill Knights"]
[Black "Sharma, Reyansh"]
[BlackElo "1000"]
[BlackTeam "Charlton Lions"]
[Result "1/2-1/2"]
[PlyCount "116"]

1. e4 e5 2. Nf3 Nc6 3. Nc3 Nf6 4. Bb5 d6 5. d3 a6 6. Ba4 b5 7. Bb3 Nd4 8. Nxd4 exd4 9. Nd5 Nxd5 10. Bxd5 Ra7 11. Qe2 Bb7 12. Bf4 Be7 13. Bxb7 Rxb7 14. e5 dxe5 15. Qxe5 O-O 16. O-O Re8 17. Qe2 Qd5 18. Qg4 Qe6 19. Qg3 Bd6 20. Bxd6 Qxd6 21. Qxd6 cxd6 22. Rfe1 Rxe1+ 23. Rxe1 Rb8 24. Re7 Kf8 25. Rd7 Rb6 26. Ra7 g6 27. f4 Kg7 28. g4 Kf6 29. Kf2 h5 30. h3 hxg4 31. hxg4 g5 32. fxg5+ Kxg5 33. Rxf7 Kxg4 34. Rf6 Kg5 35. Rf8 d5 36. Kf3 Kg6 37. Rf4 Kg5 38. Rxd4 Rd6 39. c4 bxc4 40. dxc4 Kf5 41. c5 Rd7 42. Rf4+ Ke5 43. Ra4 Ra7 44. b4 d4 45. Ra3 Kd5 46. Rd3 a5 47. a3 axb4 48. axb4 Kc4 49. Rd1 Kxb4 50. Rc1 d3 51. Ke3 Rd7 52. c6 d2 53. Rd1 Re7+ 54. Kxd2 Rc7 55. Rc1 Kb5 56. Rb1+ Kxc6 57. Rc1+ Kd6 58. Rxc7 Kxc7 1/2-1/2

[Event "Junior Online 4NCL Division 3"]
[Site "online"]
[Date "2022.02.17"]
[EventDate "2022.02.17"]
[Round "3.157"]
[White "Gusev, Iaroslav"]
[WhiteElo "708"]
[WhiteTeam "Charlton Lions"]
[Black "Marks, Rory"]
[BlackElo "1143"]
[BlackTeam "Muswell Hill Knights"]
[Result "1-0"]
[PlyCount "95"]

1. e4 e5 2. Nf3 Nc6 3. Bc4 Bc5 4. O-O Nf6 5. d4 Bxd4 6. Be3 Bxe3 7. fxe3 O-O 8. Nc3 h6 9. Nd5 Nxd5 10. exd5 Ne7 11. Nxe5 Re8 12. d6 Nc6 13. Bxf7+ Kh8 14. Bxe8 Qxe8 15. Ng6+ Qxg6 16. Rf8+ Kh7 17. dxc7 Nb4 18. Qf3 Nxc2 19. Rd8 Qd6 20. Qe4+ Qg6 21. Rh8+ Kxh8 22. Qxg6 Nxa1 23. Qb1 a6 24. Qxa1 Ra7 25. Qb1 b6 26. Qc1 Kg8 27. Qc4+ Kh7 28. Qc2+ Kh8 29. e4 b5 30. Qc5 Rb7 31. Qf8+ Kh7 32. Qxc8 Rxc7 33. Qxc7 a5 34. Qxd7 b4 35. Qa4 g5 36. Qxa5 g4 37. Qxb4 g3 38. hxg3 h5 39. e5 h4 40. gxh4 Kg6 41. e6 Kf5 42. e7 Kf6 43. e8=Q Kf5 44. Qee4+ Kf6 45. Qb5 Kf7 46. Qec6 Ke7 47. Qbb7+ Kd8 48. Qcc8# 1-0

[Event "Junior Online 4NCL Division 3"]
[Site "online"]
[Date "2022.02.17"]
[EventDate "2022.02.17"]
[Round "3.158"]
[White "Gelmini, Leonardo"]
[WhiteElo "1032"]
[WhiteTeam "Muswell Hill Knights"]
[Black "Patimov Heredea, Alexander"]
[BlackElo "486"]
[BlackTeam "Charlton Lions"]
[Result "1-0"]
[PlyCount "63"]

1. c4 e5 2. g3 Nc6 3. Bg2 Nf6 4. Nc3 Bb4 5. e3 d6 6. Nge2 Bg4 7. O-O Bxe2 8. Qxe2 O-O 9. a3 Bxc3 10. bxc3 Qd7 11. d4 exd4 12. cxd4 Qg4 13. Qxg4 Nxg4 14. Bxc6 bxc6 15. Bd2 Rab8 16. Rab1 Rxb1 17. Rxb1 c5 18. Rb7 cxd4 19. exd4 c5 20. dxc5 dxc5 21. Rxa7 Ne5 22. Bc3 Nxc4 23. Rc7 Nxa3 24. Rxc5 Nb1 25. Bb4 Rb8 26. Rc6 g6 27. Bd6 Rd8 28. Be7 Rd1+ 29. Kg2 Nd2 30. Bf6 Ne4 31. Rc8+ Rd8 32. Rxd8# 1-0

[Event "Junior Online 4NCL Division 3"]
[Site "online"]
[Date "2022.02.17"]
[EventDate "2022.02.17"]
[Round "3.162"]
[White "Scola, George"]
[WhiteElo "1300"]
[WhiteTeam "KEGS B"]
[Black "Mo, Alex"]
[BlackElo "1372"]
[BlackTeam "Desert Penguins Jupiter"]
[Result "0-1"]
[PlyCount "58"]

1. e4 c5 2. Bc4 a6 3. a4 d6 4. Nc3 e6 5. Nf3 Nd7 6. d3 Ngf6 7. O-O Be7 8. h3 O-O 9. b3 Nb6 10. Bb2 Nxc4 11. dxc4 b6 12. Qe2 Bb7 13. Rad1 d5 14. cxd5 exd5 15. e5 Ne8 16. e6 Nc7 17. exf7+ Rxf7 18. Ne5 Rf8 19. Qg4 Bf6 20. Rfe1 d4 21. Ne4 Bxe5 22. Nxc5 bxc5 23. Rxe5 Qd6 24. Rg5 Ne6 25. Qf4 Qxf4 26. Rg3 Qxf2+ 27. Kh2 Nf4 28. b4 Nxg2 29. Rxg2 Qxg2# 0-1

[Event "Junior Online 4NCL Division 3"]
[Site "online"]
[Date "2022.02.17"]
[EventDate "2022.02.17"]
[Round "3.163"]
[White "Cleanis, Theo"]
[WhiteElo "1151"]
[WhiteTeam "Desert Penguins Jupiter"]
[Black "Siriwardana, Dinil"]
[BlackElo "1255"]
[BlackTeam "KEGS B"]
[Result "0-1"]
[PlyCount "60"]

1. d4 e5 2. dxe5 Nc6 3. Nf3 Qe7 4. Bf4 Qb4+ 5. Bd2 Qxb2 6. Bc3 Bb4 7. Qd2 Qxa1 8. Bxa1 Bxd2+ 9. Nbxd2 f6 10. exf6 Nxf6 11. a3 O-O 12. e3 a6 13. Bd3 b5 14. O-O Bb7 15. Bb2 b4 16. axb4 Nxb4 17. Bc4+ d5 18. Bb3 c5 19. c4 a5 20. Ra1 Bc6 21. cxd5 Bxd5 22. Bxd5+ Nfxd5 23. Ng5 a4 24. Ba3 Nc2 25. Ra2 Ndb4 26. Bxb4 Nxb4 27. Ra1 a3 28. Nc4 a2 29. Ne4 Nc2 30. Ned2 Nxa1 0-1

[Event "Junior Online 4NCL Division 3"]
[Site "online"]
[Date "2022.02.17"]
[EventDate "2022.02.17"]
[Round "3.164"]
[White "Owen, Joshua"]
[WhiteElo "1003"]
[WhiteTeam "KEGS B"]
[Black "Dane, James"]
[BlackElo "1183"]
[BlackTeam "Desert Penguins Jupiter"]
[Result "0-1"]
[PlyCount "56"]

1. e4 c5 2. Bc4 d6 3. Nc3 Nc6 4. Nf3 e6 5. O-O Nf6 6. d3 Be7 7. h3 O-O 8. Bg5 h6 9. Bh4 a6 10. d4 cxd4 11. Nxd4 Nxd4 12. Qxd4 b5 13. Bb3 Bb7 14. Rfe1 Rc8 15. Rad1 Bc6 16. e5 Ne8 17. Bxe7 Qxe7 18. exd6 Qd7 19. Ne4 Rd8 20. Rd3 Bxe4 21. Qxe4 Nxd6 22. Qe5 Qe7 23. Rg3 Nf5 24. Rd3 Rxd3 25. cxd3 Qb4 26. g4 Nd4 27. Re4 Nf3+ 28. Kg2 Nxe5 0-1

[Event "Junior Online 4NCL Division 3"]
[Site "online"]
[Date "2022.02.17"]
[EventDate "2022.02.17"]
[Round "3.166"]
[White "Mo, Alex"]
[WhiteElo "1372"]
[WhiteTeam "Desert Penguins Jupiter"]
[Black "Scola, George"]
[BlackElo "1300"]
[BlackTeam "KEGS B"]
[Result "1-0"]
[PlyCount "107"]

1. d4 Nf6 2. c4 g6 3. Nc3 Bg7 4. Nf3 Nc6 5. e4 d6 6. d5 Ne5 7. Nxe5 dxe5 8. Be3 c6 9. Be2 cxd5 10. cxd5 e6 11. dxe6 Qxd1+ 12. Rxd1 Bxe6 13. Bb5+ Nd7 14. Nd5 O-O 15. Bxd7 Bxd7 16. Ne7+ Kh8 17. Rxd7 Bf6 18. Nd5 Bg7 19. Rxb7 f5 20. exf5 Rxf5 21. Rxa7 Rxa7 22. Bxa7 e4 23. Ne3 Ra5 24. Bb8 Rxa2 25. O-O Rxb2 26. Bg3 Bd4 27. Rd1 Bxe3 28. fxe3 h5 29. h3 g5 30. Rd8+ Kg7 31. Rd5 Kg6 32. Re5 h4 33. Bf2 Rb4 34. Be1 Rb1 35. Kf1 Rb4 36. Bxb4 Kf6 37. Rxe4 Kf5 38. Rg4 Kg6 39. e4 Kf6 40. Bc3+ Kg6 41. e5 Kf5 42. Kf2 Ke6 43. Rxg5 Kf7 44. Rf5+ Ke6 45. Rf6+ Ke7 46. g4 hxg3+ 47. Kxg3 Ke8 48. h4 Ke7 49. h5 Ke8 50. h6 Ke7 51. h7 Ke8 52. h8=Q+ Ke7 53. Qg7+ Ke8 54. Rf8# 1-0

[Event "Junior Online 4NCL Division 3"]
[Site "online"]
[Date "2022.02.17"]
[EventDate "2022.02.17"]
[Round "3.167"]
[White "Siriwardana, Dinil"]
[WhiteElo "1255"]
[WhiteTeam "KEGS B"]
[Black "Cleanis, Theo"]
[BlackElo "1151"]
[BlackTeam "Desert Penguins Jupiter"]
[Result "1-0"]
[PlyCount "73"]

1. e4 c5 2. Bc4 d6 3. Nc3 e6 4. Nf3 Nf6 5. d3 Be7 6. O-O O-O 7. d4 cxd4 8. Nxd4 Nbd7 9. f4 b6 10. Be3 Bb7 11. Qe1 Rc8 12. Bd3 Ng4 13. Qg3 Nxe3 14. Qxe3 Nc5 15. Qh3 Nxd3 16. Qxd3 Bf6 17. Rad1 Be7 18. f5 e5 19. Nde2 Qc7 20. Nd5 Bxd5 21. exd5 Qxc2 22. Qf3 Qc5+ 23. Kh1 Bf6 24. Ng3 Qc4 25. Nh5 Bg5 26. Qg3 Bh6 27. f6 g6 28. b3 Qc5 29. Qg4 Kh8 30. Ng3 Bf4 31. Qh4 Bxg3 32. Qxg3 Qc7 33. Qh4 Qd7 34. Qh6 Rg8 35. Rf3 Qd8 36. Rh3 Qxf6 37. Qxh7# 1-0

[Event "Junior Online 4NCL Division 3"]
[Site "online"]
[Date "2022.02.17"]
[EventDate "2022.02.17"]
[Round "3.168"]
[White "Dane, James"]
[WhiteElo "1183"]
[WhiteTeam "Desert Penguins Jupiter"]
[Black "Owen, Joshua"]
[BlackElo "1003"]
[BlackTeam "KEGS B"]
[Result "1/2-1/2"]
[PlyCount "60"]

1. d4 Nf6 2. c4 d6 3. Nc3 Bf5 4. Bg5 Ne4 5. Nxe4 Bxe4 6. e3 g6 7. Nf3 Bg7 8. Bd3 Bxd3 9. Qxd3 O-O 10. O-O Nd7 11. Qe4 Re8 12. Qxb7 Rf8 13. Qe4 Re8 14. a3 Rb8 15. b4 c5 16. Rab1 a5 17. b5 Rb6 18. Qf4 Rb7 19. Bh6 Bf6 20. Bg5 Bg7 21. a4 Rb6 22. Rfd1 Rb7 23. Rd2 Rb6 24. Rdd1 Rb7 25. Rd2 Rb6 26. Re2 Rb7 27. Reb2 Rb6 28. Rb3 Rb7 29. Qe4 Rb8 30. Rd3 Nb6 1/2-1/2

[Event "Junior Online 4NCL Division 3"]
[Site "online"]
[Date "2022.03.03"]
[EventDate "2022.03.03"]
[Round "4.11"]
[White "Twomey, Liam"]
[WhiteElo "1812"]
[WhiteTeam "Cork Juniors"]
[Black "Bedi, Adarsh"]
[BlackElo "1349"]
[BlackTeam "Wanstead Warriors B"]
[Result "1-0"]
[PlyCount "43"]

1. e4 e5 2. Nc3 Nc6 3. Bc4 Nf6 4. d3 Na5 5. Bb3 Nxb3 6. axb3 Bc5 7. Nf3 d5 8. Bg5 d4 9. Bxf6 gxf6 10. Nd5 c6 11. b4 Bf8 12. c4 cxd5 13. exd5 Bxb4+ 14. Ke2 Bg4 15. Qa4+ Qd7 16. Qxb4 Bxf3+ 17. gxf3 O-O-O 18. Rxa7 Kb8 19. Rha1 Qf5 20. Qc5 b6 21. Qxb6+ Kc8 22. Qc7# 1-0

[Event "Junior Online 4NCL Division 3"]
[Site "online"]
[Date "2022.03.03"]
[EventDate "2022.03.03"]
[Round "4.12"]
[White "Mukherjee, Aradhya"]
[WhiteElo "1337"]
[WhiteTeam "Wanstead Warriors B"]
[Black "Schmidt, Eoin"]
[BlackElo "1118"]
[BlackTeam "Cork Juniors"]
[Result "1-0"]
[PlyCount "157"]

1. e4 e5 2. d4 Bb4+ 3. c3 Bd6 4. Nf3 Nc6 5. d5 Nce7 6. c4 Bb4+ 7. Nc3 d6 8. a3 Ba5 9. b4 Bb6 10. Na4 Bg4 11. c5 dxc5 12. bxc5 Ba5+ 13. Bd2 Bxf3 14. gxf3 Bxd2+ 15. Qxd2 c6 16. d6 Ng6 17. Rb1 Nf6 18. Rxb7 Rb8 19. Rxb8 Qxb8 20. Qb2 Qd8 21. Qb7 O-O 22. Qxa7 Nf4 23. Nb6 Re8 24. Qc7 Ne6 25. Qxd8 Rxd8 26. Nc4 Nxc5 27. Nxe5 Rxd6 28. Bc4 Kf8 29. Bxf7 Nd3+ 30. Nxd3 Kxf7 31. Ke2 Nh5 32. a4 Ke6 33. a5 g5 34. a6 Nf4+ 35. Nxf4+ gxf4 36. Ra1 Rd8 37. a7 Ra8 38. Kd3 c5 39. Kc4 Kd7 40. Kxc5 Kc7 41. Kd5 Kb7 42. Ke5 Re8+ 43. Kxf4 Rf8+ 44. Ke3 Ka8 45. Rg1 Kxa7 46. Rg7+ Kb6 47. Rxh7 Rc8 48. f4 Rc3+ 49. Ke2 Rc2+ 50. Kf1 Rc1+ 51. Kg2 Kc6 52. Rh8 Re1 53. f3 Re2+ 54. Kg3 Re1 55. h4 Kd6 56. h5 Ke7 57. h6 Kf7 58. f5 Rh1 59. e5 Ke7 60. h7 Kf7 61. Ra8 Rxh7 62. Ra7+ Kg8 63. Rxh7 Kxh7 64. Kg4 Kg7 65. Kg5 Kf7 66. e6+ Ke7 67. f6+ Kxe6 68. Kg6 Kd7 69. f7 Ke7 70. Kg7 Ke6 71. f8=Q Ke5 72. Kg6 Kd4 73. Kf5 Ke3 74. Qb4 Kxf3 75. Qc3+ Kf2 76. Kf4 Ke2 77. Qc2+ Kf1 78. Kf3 Kg1 79. Qg2# 1-0

[Event "Junior Online 4NCL Division 3"]
[Site "online"]
[Date "2022.03.03"]
[EventDate "2022.03.03"]
[Round "4.13"]
[White "Cosgrove, Sean"]
[WhiteElo "1195"]
[WhiteTeam "Cork Juniors"]
[Black "Wong, Joseph"]
[BlackElo "1299"]
[BlackTeam "Wanstead Warriors B"]
[Result "1-0"]
[PlyCount "95"]

1. e4 d5 2. exd5 Qxd5 3. Nc3 Qa5 4. d4 c6 5. Bd2 Qc7 6. Nf3 Nf6 7. h3 Bf5 8. Bc4 e6 9. O-O Bd6 10. Re1 O-O 11. Bg5 Nd5 12. Nxd5 cxd5 13. Bb3 Nd7 14. c3 a6 15. Nh4 Be4 16. f3 Bf5 17. Nxf5 exf5 18. Bxd5 Rae8 19. Qb3 Rxe1+ 20. Rxe1 Bg3 21. Re7 Bh2+ 22. Kh1 h6 23. Qxb7 Qxb7 24. Bxb7 Nb6 25. Kxh2 Nc4 26. Bc1 Rb8 27. Bxa6 Na5 28. Bd3 Kf8 29. Ra7 Nc6 30. Ra6 Ne7 31. b3 g5 32. Ba3 f4 33. Bxe7+ Kxe7 34. Rxh6 f6 35. Rh7+ Ke6 36. Ra7 Rb6 37. Bc4+ Kf5 38. Ra5+ Kg6 39. a4 Rb7 40. Rb5 Ra7 41. a5 Rb7 42. Rxb7 Kf5 43. a6 g4 44. hxg4+ Kg5 45. a7 f5 46. a8=Q fxg4 47. Qg8+ Kf5 48. Rf7# 1-0

[Event "Junior Online 4NCL Division 3"]
[Site "online"]
[Date "2022.03.03"]
[EventDate "2022.03.03"]
[Round "4.14"]
[White "Ta, Duc"]
[WhiteElo "1215"]
[WhiteTeam "Wanstead Warriors B"]
[Black "Oâ€™Sullivan, Angela"]
[BlackElo "1000"]
[BlackTeam "Cork Juniors"]
[Result "1-0"]
[PlyCount "63"]

1. d4 d5 2. c4 dxc4 3. e3 Nf6 4. Bxc4 e6 5. Nc3 Bb4 6. Bd2 Nc6 7. Nf3 O-O 8. O-O Ne7 9. a3 Bd6 10. e4 Nc6 11. e5 Be7 12. exf6 Bxf6 13. Bf4 Re8 14. Nb5 Re7 15. Qd3 Nxd4 16. Nfxd4 Rd7 17. Rfd1 c5 18. Nxe6 Qe7 19. Qe3 Bd4 20. Nbxd4 cxd4 21. Nxd4 Qd8 22. Nf5 Rxd1+ 23. Rxd1 Qxd1+ 24. Bf1 Bxf5 25. Qg3 Rd8 26. Be5 f6 27. Bxf6 Rd7 28. Be5 Be6 29. Qc3 Rd5 30. Bxg7 Rg5 31. Qf6 Bc4 32. Qf8# 1-0

[Event "Junior Online 4NCL Division 3"]
[Site "online"]
[Date "2022.03.03"]
[EventDate "2022.03.03"]
[Round "4.15"]
[White "Bedi, Adarsh"]
[WhiteElo "1349"]
[WhiteTeam "Wanstead Warriors B"]
[Black "Twomey, Liam"]
[BlackElo "1812"]
[BlackTeam "Cork Juniors"]
[Result "0-1"]
[PlyCount "122"]

1. e4 c5 2. d4 cxd4 3. Qxd4 Nc6 4. Qd1 g6 5. Nf3 Bg7 6. c3 d6 7. Bf4 Bg4 8. Bb5 Qb6 9. Bxc6+ bxc6 10. b3 Qa6 11. a4 Nf6 12. e5 Nh5 13. Qd2 Bxf3 14. gxf3 Nxf4 15. Qxf4 Bxe5 16. Qc4 Qxc4 17. bxc4 Rb8 18. O-O Kd7 19. Ra3 c5 20. Nd2 f5 21. Nb3 Rb6 22. Nc1 Rhb8 23. Nd3 Bg7 24. Rd1 Kc7 25. Nf4 Kd7 26. Nd3 Ke8 27. Nf4 Kf7 28. Re1 Rb3 29. Rxb3 Rxb3 30. Nd5 e6 31. Nc7 Bxc3 32. Rxe6 Rb7 33. Re3 Bd4 34. Re7+ Kxe7 35. Nd5+ Kd8 36. Nf4 Rb2 37. Ne6+ Ke7 38. Nf4 Rxf2 39. Nd5+ Kd8 40. Kh1 Rxf3 41. Kg2 Ra3 42. h4 Rxa4 43. Kf3 Ra3+ 44. Kf4 Be5+ 45. Kg5 Rg3+ 46. Kh6 Rh3 47. Kxh7 Rxh4+ 48. Kxg6 f4 49. Kg5 f3 50. Kxh4 f2 51. Ne3 Bd4 52. Nf1 a5 53. Kg3 a4 54. Kf3 a3 55. Ke2 a2 56. Nd2 a1=Q 57. Kd3 f1=Q+ 58. Nxf1 Qxf1+ 59. Kc2 Qxc4+ 60. Kb1 Qc3 61. Ka2 Qb2# 0-1

[Event "Junior Online 4NCL Division 3"]
[Site "online"]
[Date "2022.03.03"]
[EventDate "2022.03.03"]
[Round "4.16"]
[White "Schmidt, Eoin"]
[WhiteElo "1118"]
[WhiteTeam "Cork Juniors"]
[Black "Mukherjee, Aradhya"]
[BlackElo "1337"]
[BlackTeam "Wanstead Warriors B"]
[Result "1/2-1/2"]
[PlyCount "105"]

1. e4 e5 2. Nf3 Nc6 3. Nc3 Nf6 4. Bc4 Bc5 5. d3 h6 6. h3 d6 7. a3 a5 8. O-O O-O 9. Bd2 Ne7 10. Nd5 Nexd5 11. exd5 Bd7 12. d4 exd4 13. Bf4 b5 14. Ba2 b4 15. axb4 axb4 16. Bc4 Rxa1 17. Qxa1 Qa8 18. Qd1 Nxd5 19. Bxd5 Qxd5 20. Re1 Re8 21. Rxe8+ Bxe8 22. Qa1 Bc6 23. Qd1 b3 24. cxb3 d3 25. Bd2 Qf5 26. b4 Bxf3 27. Qxf3 Qxf3 28. gxf3 Bd4 29. b3 Kf8 30. Kg2 Ke7 31. Kg3 Kd7 32. Kf4 Bxf2 33. Ke4 c5 34. bxc5 Bxc5 35. Kxd3 Ke6 36. b4 Bb6 37. Kc4 g5 38. Bc3 d5+ 39. Kb5 Bf2 40. Kc6 d4 41. Bd2 d3 42. b5 f5 43. b6 Bxb6 44. Kxb6 Ke5 45. Kc5 f4 46. Kc4 Kf5 47. Kxd3 h5 48. Ke2 g4 49. fxg4+ hxg4 50. hxg4+ Kxg4 51. Kf2 f3 52. Be3 Kh3 53. Kxf3 1/2-1/2

[Event "Junior Online 4NCL Division 3"]
[Site "online"]
[Date "2022.03.03"]
[EventDate "2022.03.03"]
[Round "4.17"]
[White "Wong, Joseph"]
[WhiteElo "1299"]
[WhiteTeam "Wanstead Warriors B"]
[Black "Cosgrove, Sean"]
[BlackElo "1195"]
[BlackTeam "Cork Juniors"]
[Result "0-1"]
[PlyCount "62"]

1. e4 c5 2. Nf3 Nc6 3. c3 e6 4. Bb5 a6 5. Bxc6 bxc6 6. O-O d5 7. exd5 cxd5 8. d4 cxd4 9. Qxd4 Nf6 10. Bg5 Be7 11. Bxf6 Bxf6 12. Qa4+ Qd7 13. Qc2 O-O 14. Nbd2 Bb7 15. Rad1 Rac8 16. h3 Qe7 17. a3 Rfd8 18. Nb3 Qd6 19. Nfd4 e5 20. Nf5 Qe6 21. g4 g6 22. Nh6+ Kg7 23. g5 Bxg5 24. Ng4 h5 25. Ne3 Qxh3 26. Ng2 d4 27. f3 Bxf3 28. Rxf3 Qxf3 29. Rf1 Qg3 30. Nd2 Be3+ 31. Kh1 Qh3# 0-1

[Event "Junior Online 4NCL Division 3"]
[Site "online"]
[Date "2022.03.03"]
[EventDate "2022.03.03"]
[Round "4.18"]
[White "Oâ€™Sullivan, Angela"]
[WhiteElo "1000"]
[WhiteTeam "Cork Juniors"]
[Black "Ta, Duc"]
[BlackElo "1215"]
[BlackTeam "Wanstead Warriors B"]
[Result "0-1"]
[PlyCount "32"]

1. e4 c6 2. d4 d5 3. Nc3 dxe4 4. Nxe4 Nf6 5. Bc4 Nxe4 6. f3 Nf6 7. Ne2 Bf5 8. Bf4 e6 9. Qd2 Bd6 10. Bxd6 Qxd6 11. O-O-O b5 12. Bb3 a5 13. a3 O-O 14. Ba2 b4 15. axb4 axb4 16. Bc4 Ra1# 0-1

[Event "Junior Online 4NCL Division 3"]
[Site "online"]
[Date "2022.03.03"]
[EventDate "2022.03.03"]
[Round "4.21"]
[White "Matveev, Grigory"]
[WhiteElo "1227"]
[WhiteTeam "Desert Penguins Unicorn"]
[Black "Scheffel, Oliver"]
[BlackElo "1092"]
[BlackTeam "Barnet Knights D"]
[Result "1-0"]
[PlyCount "75"]

1. d4 d5 2. c4 c6 3. Nc3 Nf6 4. Bf4 Bf5 5. e3 e6 6. Nf3 Nbd7 7. Bd3 Bxd3 8. Qxd3 Be7 9. O-O O-O 10. Ne5 Nxe5 11. dxe5 Ne4 12. Nxe4 dxe4 13. Qxe4 Qd2 14. b3 f5 15. Qd4 Qb4 16. Qd7 Rad8 17. Qxe6+ Kh8 18. Rfd1 Rxd1+ 19. Rxd1 Qa3 20. h3 Bb4 21. Rd7 Qxa2 22. Rxb7 Qxb3 23. Qd7 Rg8 24. Bh6 Bf8 25. Rxb3 gxh6 26. Rb7 Rg7 27. Qd8 Kg8 28. Rxg7+ Kxg7 29. e6 f4 30. e7 Bxe7 31. Qxe7+ Kg8 32. exf4 Kh8 33. f5 h5 34. f6 h6 35. f7 Kh7 36. f8=Q+ Kg6 37. Qef6+ Kh7 38. Q8g7# 1-0